000 00308nam a2200121Ia 4500
008 220204s9999 xx 000 0 und d
082 _a334.4
_bRED
100 _aREDDY, C R
245 0 _aCooperative agricultural finance
260 _aAllahabad
_bChugh pub
_c1988
650 _aCooperative credit
942 _cBK
999 _c39500
_d39500